| 000 | 00746nam a2200229 a 4500 | ||
|---|---|---|---|
| 005 | 20210223130710.0 | ||
| 008 | 081003s2000 mx r 000 0 spa d | ||
| 020 | _a9806048911 | ||
| 035 | _aUPN01000162144 | ||
| 049 | _aUNE | ||
| 080 | _a347.79 (100) VAL. | ||
| 100 | 1 | _aValencia Rodríguez, Luis | |
| 245 | 1 | 0 | _aArreglo de controversias: según el derecho del mar/ Luis Valencia Rodríguez. |
| 260 | _aCaracas : URSHSLAC, 1989. | ||
| 300 | _a303 p. | ||
| 440 | 0 | _aSerie de Estudios y Documentos URSHSLAC | |
| 500 | _aIncluye anexos. | ||
| 690 |
_aDerecho del mar _916989 |
||
| 690 | _aMares- Legislación | ||
| 710 | 2 | _aURSHSLAC. Unidad Regional de Ciencias Humanas y Sociales para América Latina y el Caribe. | |
| 905 | _aUNESCO | ||
| 999 |
_c134257 _d134257 |
||